Water quality monitoring (Record no. 548097)
[ view plain ]
| 000 -LEADER | |
|---|---|
| fixed length control field | 01001cam a2200241Ia 4500 |
| 082 04 - DEWEY DECIMAL CLASSIFICATION NUMBER | |
| Classification number | 628.162 |
| Author Mark | WAT |
| -- | L-NUST, P-07 |
| 245 00 - TITLE STATEMENT | |
| Title | Water quality monitoring |
| Remainder of title | a practical guide to the design and implementation of freshwater quality studies and monitoring programmes / |
| Statement of responsibility, etc. | edited by Jamie Bartram and Richard Ballance. |
| 250 ## - EDITION STATEMENT | |
| Edition statement | 1st ed. |
| 260 ## - PUBLICATION, DISTRIBUTION, ETC. | |
| Place of publication, distribution, etc. | London ; |
| -- | New York : |
| Name of publisher, distributor, etc. | E & FN Spon, |
| Date of publication, distribution, etc. | 1996. |
| 300 ## - PHYSICAL DESCRIPTION | |
| Extent | xii, 383 p. : |
| Other physical details | ill. |
| 500 ## - GENERAL NOTE | |
| General note | Published on behalf of United Nations Environment Programme, World Health Organization. |
| 526 ## - STUDY PROGRAM INFORMATION NOTE | |
| Program name | 0 |
| Interest level | 0 |
| Reading level | 0 |
| Title point value | 628_162000000000000_WAT |
| 650 #0 - SUBJECT ADDED ENTRY--TOPICAL TERM | |
| Topical term or geographic name entry element | MCE |
| 9 (RLIN) | 379 |
| 650 #0 - SUBJECT ADDED ENTRY--TOPICAL TERM | |
| Topical term or geographic name entry element | Water quality |
| General subdivision | Measurement. |
| 9 (RLIN) | 6132 |
| 650 #0 - SUBJECT ADDED ENTRY--TOPICAL TERM | |
| Topical term or geographic name entry element | Water |
| General subdivision | Analysis. |
| 9 (RLIN) | 6133 |
| 700 1# - ADDED ENTRY--PERSONAL NAME | |
| Personal name | Ballance, Richard. |
| 9 (RLIN) | 6135 |
| 700 1# - ADDED ENTRY--PERSONAL NAME | |
| Personal name | Bartram, Jamie. |
| 9 (RLIN) | 6134 |
| 710 2# - ADDED ENTRY--CORPORATE NAME | |
| Corporate name or jurisdiction name as entry element | ebrary, Inc. |
| 9 (RLIN) | 622 |
| 710 2# - ADDED ENTRY--CORPORATE NAME | |
| Corporate name or jurisdiction name as entry element | United Nations Environment Programme. |
| 9 (RLIN) | 6136 |
| 710 2# - ADDED ENTRY--CORPORATE NAME | |
| Corporate name or jurisdiction name as entry element | World Health Organization. |
| 9 (RLIN) | 6137 |
| 856 40 - ELECTRONIC LOCATION AND ACCESS | |
| Uniform Resource Identifier | <a href="http://www.columbia.edu/cgi-bin/cul/resolve?clio6798731">http://www.columbia.edu/cgi-bin/cul/resolve?clio6798731</a> |
| 942 ## - ADDED ENTRY ELEMENTS (KOHA) | |
| Source of classification or shelving scheme | |
| Koha item type | Book |
| Withdrawn status | Lost status | Source of classification or shelving scheme | Damaged status | Not for loan | Permanent Location | Current Location | Date acquired | Total Checkouts | Full call number | Barcode | Date last seen | Price effective from | Koha item type |
|---|---|---|---|---|---|---|---|---|---|---|---|---|---|
| Military College of Engineering (MCE) | Military College of Engineering (MCE) | 08/20/2014 | 628.162 WAT | MCE-43853 | 08/20/2014 | 08/20/2014 | Book |
